Największe transfery sezonu 2022/23. - Statystyki

Ogólne statystyki
  • Ten quiz został rozwiązany 421 razy
    223 od ostatniego zresetowania
  • Średni wynik to 8 z 10
Statystyki odpowiedzi
# Piłkarz Narodowość Klub oddający Kwota transferu Klub pozyskujący % Poprawnych
7 Mykhaylo Mudryk
70,00 mln €
95%
2 Antony
95,00 mln €
92%
5 Darwin Núñez
75,00 mln €
92%
1 Enzo Fernandez
121,00 mln €
92%
6 Casemiro
70,65 mln €
91%
8 Alexander Isak
70,00 mln €
88%
9 Matthijs de Ligt
67,00 mln €
85%
4 Aurélien Tchouameni
80,00 mln €
70%
10 Marc Cucurella
65,30 mln €
67%
3 Wesley Fofana
82,50 mln €
58%
Nie znaleziono quizów pasujących do podanych kryteriów
Rozkład punktacji
Procent ludzi z każdym wynikiem
Percentyl według liczby udzielonych odpowiedzi
Twoja historia wyników
Nie rozwiązałeś tego quizu od ostatniego zresetowania